LEADER 02554nam1 22003013i 450 001 VAN0267944 005 20231204012359.755 100 $a20231127d1765 |0itac50 ba 101 $alat 102 $aIT 140 $a||||||||| ||||||||| 200 1 $aˆJo. Baptistae Morgagni ... ‰De sedibus, et causis morborum per anatomen indagatis libri quinque. Dissectiones, et animadversiones, nunc primum editas, complectuntur propemodum innumeras, medicis, chirurgis, anatomicis profuturas. Multiplex praefixus est index rerum, & nominum accuratissimus. Tomus primus [-secundus] .. 205 $aEditio secunda ab auctore recognita$batque a mendis omnibus expurgata 210 $aPatavii$csumptibus Remondinianis$d1765 215 $a2 volumi$d2° 300 $aSui frontespizi: Vignetta calcografica. - Corsivo, romano. - Iniziali e fregi xilografici 463 1$1001VAN0267946$12001 $aˆ1: ‰Tomus primus duos priores continens libros$1205 $aEditio secunda ab auctore recognita$batque a mendis omnibus expurgata$1210 $aPatavii$csumptibus Remondinianis$d1765$1215 $alxxxiv, 256 p., [1] carta di tav.$critratto calcografico$dfolio$1300 $aFrontespizio stampato in rosso e nero. - Ritratto calcografico di Giovanni Battista Morgagni inciso da Giovanni Volpato. - Segnatura: a-d? e¹° A-Q?. - Var. B: Frontespizio stampato solo in nero, luogo di edizione sul frontespizio: Bassani, anno di edizione: 1764, priva del ritratto.$v1 463 1$1001VAN0267950$12001 $aˆ2: ‰Tomus secundus tres reliquos libros continens$1205 $aEditio secunda ab auctore recognita$batque a mendis omnibus expurgata$1210 $aPatavii$csumptibus Remondinianis$d1765$1215 $a388 p.$d2°$1300 $aSegnatura: A-Z? 2A¹°. - Var. B: luogo di edizione sul frontespizio: Bassani, anno di edizione: 1764$v2 620 $dPadova$3VANL000007 700 1$aMorgagni$bGiovanni Battista$3VANV126770$071966 712 02$aRemondini$3VANV050491 790 1$aMorgagni, Giambattista$zMorgagni, Giovanni Battista$3VANV126771 790 1$aMorgagni, Joannes Baptista$zMorgagni, Giovanni Battista$3VANV126772 790 1$aMorgagni, Giovan Battista$zMorgagni, Giovanni Battista$3VANV126773 801 $aIT$bSOL$c20231208$gRICA 912 $aVAN0267944 996 $aDe sedibus, et causis morborum per anatomen indagatis libri quinque. Dissectiones, et animadversiones, nunc primum editas, complectuntur propemodum innumeras, medicis, chirurgis, anatomicis profuturas. Multiplex praefixus est index rerum, & nominum accuratissimus. Tomus primus .$93597294 997 $aUNICAMPANIA